Business statistics in practice (Record no. 5994)

MARC details
000 -LEADER
fixed length control field 01023nam a22001577a 4500
020 ## - INTERNATIONAL STANDARD BOOK NUMBER
ISBN 9780071105910
050 ## - CALL NUMBER
Classification number HF1007
Item number .B69
100 ## - AUTHOR
Personal name Bruce L Bowerman;
245 ## - TITLE
Title Business statistics in practice
Statement of responsibility, etc Bruce L Bowerman; Richard T O'Connell; J B Orris
250 ## - EDITION
Edition statement 4th ed
260 ## - PUBLICATION INFORMATION
Place of publication Boston : ,
Name of publisher McGraw-Hill/Irwin
Year of publication ©2007.
300 ## - DESCRIPTION
Number of Pages xxi, 881 pages :
Other physical details color illustrations ;
Dimensions 28 cm
Accompanying material + 1 CD-ROM (3 1/2 in.).
500 ## - NOTES
General note Includes index
505 ## - FORMATTED CONTENTS NOTE
Table of Content An Introduction to Business Statistics --<br/>Descriptive Statistics --<br/>Probability --<br/>Discrete Random Variables --<br/>Continuous Random Variables --<br/>Sampling Distributions --<br/>Confidence Intervals --<br/>Hypothesis Testing --<br/>Statistical Inferences Based on Two Samples --<br/>Experimental Design and Analysis of Variance --<br/>Simple Linear Regression Analysis --<br/>Multiple Regression and Model Building --<br/>Time Series Forecasting --<br/>Process Improvement Using Control Charts --<br/>Nonparametric Methods --<br/>Chi-Square Tests --<br/>Decision Theory.
942 ## - ADDED ENTRY ELEMENTS (KOHA)
Koha item type Books
Holdings
Withdrawn status Lost status Collection code Home library Current library Shelving location Date acquired Full call number Accession Number Koha item type
    Reference Methodist University Library Main Methodist University Library Main General Stacks 26/03/2008 HF1007 .B69 29556 Books
Copyright © 2026  MUG Library